| 000 | 004590000a22001810004500 | ||
|---|---|---|---|
| 003 | MACL | ||
| 005 | 20151226164347.0 | ||
| 008 | 151226b xxu||||| |||| 00| 0 eng d | ||
| 040 |
_aMACL _cMACL |
||
| 041 | _aEnglish | ||
| 082 | _a403 | ||
| 100 |
_aHaq, Dr Abdul _922997 |
||
| 245 | _aEnglish Urdu Urdu English Combined Dictionary | ||
| 260 |
_bStar Publications Pvt Ltd _c2001 |
||
| 350 | _a450 | ||
| 650 |
_aDictionary _922998 |
||
| 942 |
_cBK _k403/HEQ _2ddc |
||
| 999 |
_c40129 _d40129 |
||